Media and the Transformation of Religion in South Asia (Record no. 10227)

MARC details
000 -LEADER
fixed length control field 00614nam a2200241 a 4500
020 ## - INTERNATIONAL STANDARD BOOK NUMBER
ISBN
082 00 - DEWEY DECIMAL CLASSIFICATION NUMBER
Classification number 200.954
Author Cutter BAB
100 ## - MAIN ENTRY--AUTHOR NAME
Author name Babb, Lawrence A
245 ## - TITLE STATEMENT
Title Media and the Transformation of Religion in South Asia
260 ## - PUBLICATION, DISTRIBUTION, ETC. (IMPRINT)
Place of publication Delhi
Name of publisher Motilal Banarsidass
Year of publication 1997
300 ## - PHYSICAL DESCRIPTION
Number of Pages 298p
500 ## - GENERAL NOTE
General note includes index and biblioraphy
505 2# - FORMATTED CONTENTS NOTE
Formatted contents note Index
650 ## - SUBJECT ADDED ENTRY--TOPICAL TERM
Topical Term Religion-Asia-south
650 ## - SUBJECT ADDED ENTRY--TOPICAL TERM
Topical Term Media and Religion
942 ## - ADDED ENTRY ELEMENTS (KOHA)
Koha item type Books
Holdings
Collection code Home library Current library Date acquired Cost, normal purchase price Full call number Accession Number Koha item type
  Henry Martyn Institute Library Henry Martyn Institute Library 08/01/2007 295.00 200.954 BAB 018152 Books
                   Copyright © 2026 | Henry Martyn Institute | Hyderabad | TS-500052 | INDIA | Implemented by hmi.edu.in
Hit-Count:

Powered by Koha